Logos Équipes Gagnantes de la Ligue Europa - Mort subite - Statistiques

Statistiques générales
  • Ce quiz a été pris 536 fois
    30 depuis la dernière actualisation
  • Le résultat moyen est 6 sur 30
Answers on the Grid
Answers color-coded by a green-red scale on the quiz's grid according to % correct below.
 
Statistiques - réponses
Réponse % Correct
41%
41%
29%
29%
29%
29%
24%
24%
24%
24%
24%
24%
18%
18%
18%
18%
18%
18%
18%
18%
12%
12%
12%
12%
12%
12%
12%
6%
6%
6%
Aucun quiz correspondant
Distribution des résultats
% des personnes avec chaque résultat
Percentile par nombre de réponses
Votre historique - résultats
Vous n’avez pas pris ce quiz depuis la dernière actualisation